000 03317nab a2200325 4500
003 BR-BrBNA
005 20250818114122.0
008 250818b2021 bl.tr|pooa||| 00| 00eng |
040 _aBR-BrBNA
_bpor
072 _aF50 ; U10
100 _aZottele, Livia
100 _aAoyama, Elisa Mitsuko
100 _aIndriunas, Alexandre
245 _aRelevance of leaf morphology and biometrics: a study with species of Aphelandra R. Br. (Acanthaceae)
500 _aSummaries (En, Pt); 16 ref.; 1 illus.; 1 table
520 _aMorphological characteristics, as well as biometrics, govern the description of species. However, systematical comparative analyzes of these aspects between taxa are scarce. The aim of the work was to evaluate the relevance of these characteristics in species of Aphelandra. Leaves of A. longiflora, A. harleyi, A. espirito-santensis, A. nitida, A. sinclairianaand, A. squarosawere collected and analyzed for morphologic patterns: phyllotaxis, texture, leaf blade form, symmetry, apex, base, margin, venation and coloring pattern; and for biometric parameters: total length, length and width of the leaf blade, length and diameter of the petiole. We calculated mean and standard deviations. Among the relevant morphological patterns are the shape of the blade, apex and base, and the biometric data showed differences. As conclusion, this analysis proposal proves to be an instrument of accuracy and detail for descriptions. Keyworks: bladeleaf, structure, variegation
520 _aRelevância da morfologia e biometria foliar: um estudo com espécies de Aphelandra R. Br.(Acanthaceae). Características morfológicas, assim como biométricas, regem a descrição de espécies. Mas, análises comparativas sistemáticas desses aspectos entre táxons são escassas. O objetivo desse trabalho foi avaliar a relevância dessas características em espécies de Aphelandra. Foram coletadas folhas de A. longiflora, A. harleyi, A. espirito-santensis, A. nitida, A. sinclairianae, A. squarosae analisados quanto a morfologia: a filotaxia, textura, forma do limbo, simetria, ápice, base, margem, venação e padrão de coloração; e como parâmetros biométricos: comprimento total, comprimento e largura do limbo e comprimento e diâmetro do pecíolo; foram utilizados a média e o desvio padrão. Dentre os padrões morfológicos relevantes encontram-se a forma do limbo, ápice e base e, os dados biométricos apresentaram diferenças. Conclui-se que essa proposta de análise se prova um instrumento de acuidade e detalhamento para descrições. Palavras-chaves: estrutura foliar, limbo, variegação
650 _aAPHELANDRA
650 _aESPÉCIE VEGETAL
650 _aFOLHA
650 _aMORFOLOGIA
650 _aBIOMETRIA
650 _aANÁLISE COMPARATIVA
650 _aANÁLISE ESTATÍSTICA
650 _aPIGMENTAÇÃO
773 0 _04944
_9346130
_dUniversidade Federal de Tocantins. Centro de Monitoramento Ambiental e Manejo do Fogo 2010
_o2024-6778
_tJournal of Biotechnology and Biodiversity (Brazil)
_x2179-4804
_gv. 9(4) p. 317-321; (2021)
_wBR2025002037
856 _uhttps://sistemas.uft.edu.br/periodicos/index.php/JBB/article/view/12011/19322
942 _cANA
999 _c337656
_d337656